000 01703cam a22004934i 4500
003 PE-LiUPU
005 20250731165543.0
008 150625s r 000 0 d
035 _a(Sirsi) a33709
035 _a(Sirsi) a33709
040 _aPE-LiUPU
_bspa
_cPE-LiUPU
_erda
082 0 4 _a985
_bM58
_221
100 1 _aMIlla Batres, Carlos,
_eautor.
245 1 0 _aDiccionario histórico y biográfico del Perú :
_bSiglos XV-XX /
_cdirección, producción, revisión, ilustración, epigrafes, diagramación y edición Carlos Milla Batres.
264 1 _aLima :
_bMilla Batres,
_c1986.
300 _at. 6 :
_bilustraciones ;
_c29 cm.
336 _atext
_2rdacontent
337 _aunmediated
_2rdamedia
338 _avolume
_2rdacarrier
505 0 _aM - O.
526 _aSEG44
526 _aSEG26
526 _aP151
526 _aP150
526 _aP149
526 _aP146
526 _aP145
526 _aP126
526 _aP125
526 _aP92
526 _aP75
526 _aP74
526 _aP27
526 _aP15
651 _aPerú
_xBiografía
_vDiccionarios
651 _aPerú
_xHistoria
_vDiccionarios.
910 _a
942 _2ddc
_cBOOK
949 _aRC 985 M58 6
_wDEWEY
_c1
_i25806
_lRC
_mBUL
_r0
_sY
_tBOOK
_u2015-6-25
_xBIBLIOTECA
_zUNKNOWN
_0COMPRA
_o.CIRCNOTE. No olvidar cambiar la fecha de devolución!!!!!!!
_o.STAFF. Colección General
994 _aC0
_bPEPRU
596 _a1
999 _aRC 985 M58 6
_wDEWEY
_c41486
_i25806
_f2021-11-8
_g5
_lRCG
_mBUL
_r1
_sY
_tBOOK
_u2015-6-25
_xBIBLIOTECA
_zUNKNOWN
_0COMPRA
_o.CIRCNOTE. No olvidar cambiar la fecha de devolución!!!!!!!
_o.STAFF. Colección General
_d41486
980 _81
_gALBERTO SANCHEZ Responsable de Automatización